Blackwell's five-minute veterinary consult. Reptile and amphibian /

Bibliographic Details
Other Authors: Nevarez, Javier G., 1976- (Editor)
Format: eBook
Language:English
Published: Hoboken, N.J. : Wiley Blackwell, [2022]
Edition:First edition.
Series:Five minute veterinary consult.
Subjects:
Online Access:Connect to the full text of this electronic book.

MARC

Tag First Indicator Second Indicator Subfields
LEADER 00000cam a2200000Mi 4500
001 in00004606608
008 201105s2022 nju obf 001 0 eng d
006 m o d
007 cr cn|||||||||
005 20221201171215.9
035 |a (OCoLC)on1326034112 
040 |a LUU  |b eng  |c LUU  |d OCLCF 
020 0 |z 9781119233725 
020 0 |a 9781119233855  |q (online) 
020 |a 1119233852 
020 0 |a 9781119233862  |q (online) 
020 |a 1119233860 
035 |a (OCoLC)1326034112 
060 4 |a SF 997.5.R4  |b B6325 2022eb 
245 0 0 |a Blackwell's five-minute veterinary consult.  |p Reptile and amphibian /  |c edited by Javier G Nevarez. 
246 3 |a Five-minute veterinary consult.  |p Reptile and amphibian 
246 3 |a Reptile and amphibian 
246 3 |a Blackwell's five-minute veterinary consult: reptile and amphibian 
250 |a First edition. 
264 1 |a Hoboken, N.J. :  |b Wiley Blackwell,  |c [2022] 
264 4 |c ©2022 
300 |a 1 online resource 
490 1 |a Five minute veterinary consult 
504 |a Includes bibliographical references and index. 
505 0 |a Introduction to reptile medicine -- Chelonians -- Lizards -- Snakes -- Crocodilians -- Amphibians. 
650 0 |a Veterinary medicine. 
650 0 |a Reptiles  |x Diseases  |x Diagnosis. 
650 0 |a Reptiles  |x Diseases  |x Treatment. 
650 0 |a Amphibians  |x Diseases  |x Diagnosis. 
650 0 |a Amphibians  |x Diseases  |x Treatment. 
650 2 |a Reptiles. 
650 2 |a Amphibians. 
650 2 |a Animal Diseases. 
655 2 |a Handbook. 
700 1 |a Nevarez, Javier G.,  |d 1976-  |e editor. 
776 0 8 |i Print version:  |t Blackwell's five-minute veterinary consul  |b First edition.  |d Hoboken, NJ : Wiley-Blackwell, 2021.  |z 9781119233725  |w (DLC) 2020050273 
830 0 |a Five minute veterinary consult. 
856 4 0 |u http://proxy.library.tamu.edu/login?url=https://ebookcentral.proquest.com/lib/tamum-ebooks/detail.action?docID=6735004  |z Connect to the full text of this electronic book.  |t 0 
994 |a Z0  |b TMV 
948 |h HELD BY TMV - 4 OTHER HOLDINGS 
999 f f |s e3a2b748-3220-42d1-abb7-76b4f10c6910  |i 8a386e8e-db60-440c-9d75-6a4b7b63e569  |t 0 
952 f f |a Texas A&M University  |b College Station  |c Electronic Resources  |s WWW MSL Ebooks  |d Available Online  |t 0  |e SF 997.5.R4 B6325 2022eb  |h National Library of Medicine classification